| 000 | 00000nas 2200000za 4500 |
| 001 | 9.503237 |
| 003 | CaOODSP |
| 005 | 20221107133234 |
| 007 | cr ||||||||||| |
| 008 | 150406d19721988onchr p o||||f0 |0fre|d |
| 040 | |aCaOODSP|bfre |
| 043 | |an-cn--- |
| 086 | 1 |aIN3-20F-PDF |
| 110 | 1 |aCanada.|bDépartement des assurances. |
| 245 | 10|aRégime de pensions du Canada ... rapport actuariel statutaire au ... |h[ressource électronique] |
| 260 | |aOttawa : |bDépartement des assurances,|c1972-1988 |
| 310 | |aTriennal. |
| 362 | 1 |a2e (1972) - 11e (1988). |
| 691 | 07|aPension publique|2gcpds |
| 775 | 08|tCanada Pension Plan statutory actuarial report no. ... as at ... |w(CaOODSP)9.506841 |
| 780 | 00|tRégime de pensions du Canada, rapport actuariel au ... |w(CaOODSP)9.503231 |
| 785 | 00|tRégime de pensions du Canada, ... rapport actuariel au ... |w(CaOODSP)9.503238 |